Οργανωτική συμπεριφορά
Saved in:
| Main Author: | |
|---|---|
| Format: | Book |
| Language: | Greek |
| Published: |
Αθήνα :
Αθ. Σταμούλης,
c2002.
|
| Subjects: | |
| Tags: |
Add Tag
No Tags, Be the first to tag this record!
|
MARC
| LEADER | 00000cam a2200000 i 4500 | ||
|---|---|---|---|
| 001 | 1/11467 | ||
| 008 | 101223s2002 gr | ||| |||| ||gre|| | ||
| 020 | |a 9603514349 | ||
| 035 | |l 10109421 | ||
| 040 | |a GR-MYyUa |b gre |e AACR2 | ||
| 041 | 0 | |a gre | |
| 082 | 7 | |a 658 |2 (22) | |
| 100 | 1 | |a Ζαβλανός, Μύρων Μ. | |
| 245 | 1 | 0 | |a Οργανωτική συμπεριφορά / |c Μύρων Μ. Ζαβλανός. |
| 260 | |a Αθήνα : |b Αθ. Σταμούλης, |c c2002. | ||
| 300 | |a 494 σ. ; |c 24 εκ. | ||
| 504 | |a Περιλαμβάνει βιβλιογραφίες. | ||
| 650 | 0 | |a Organizational behavior. | |
| 852 | |a INST |b SYROS |e 20101223 |h 658 ΖΑΒ |p 005500009402 |q 005500009402 |t BK |y 0 | ||
| 901 | |a BIBL5-2010-3 | ||
| 970 | |a Κοντού |b Παρασκευή |z 23/12/2010 | ||